Мысленный эксперимент и рациональная наука: Пособие для преподавателей физики в средней школе

গ্রন্থ-পঞ্জীর বিবরন
প্রধান লেখক: Щетников А. И. Андрей Иванович
ভাষা:রুশ
প্রকাশিত: Москва, Аспект Пресс, 1994
মালা:Программа: Обновление гуманитарного образования в России
বিষয়গুলি:
বিন্যাস: MixedMaterials গ্রন্থ
KOHA link:https://koha.lib.tpu.ru/cgi-bin/koha/opac-detail.pl?biblionumber=10007

MARC

LEADER 00000nam0a2200000 4500
001 10007
005 20231030182734.0
010 |a 586318020X 
035 |a (RuTPU)RU\TPU\book\10065 
035 |a BOOK00010128 
090 |a 10007 
100 |a 20011209d1994 m y0rusy50 ca 
101 0 |a rus 
102 |a RU 
105 |a y j 000zy 
200 1 |a Мысленный эксперимент и рациональная наука  |e Пособие для преподавателей физики в средней школе  |f А. И. Щетников 
210 |a Москва  |c Аспект Пресс  |d 1994 
215 |a 239 с. 
225 1 |a Программа: Обновление гуманитарного образования в России 
610 1 |a эксперименты мысленные 
610 1 |a физика 
610 1 |a статика 
610 1 |a динамика 
610 1 |a термодинамика 
610 1 |a пособия для учителей 
675 |a 53  |v 3 
686 |a Ю252:5  |v LBC/SL-A  |2 rubbk 
700 1 |a Щетников  |b А. И.  |g Андрей Иванович 
801 0 |a RU  |b 63413507  |c 20011209  |g PSBO 
801 2 |a RU  |b 63413507  |c 20070902  |g PSBO 
942 |c BK